logo

Bir Sreshtho Munshi Abdur Rouf Library
Jhenaidah Cadet College

The story of your home / (Record no. 7177)

MARC details
000 -LEADER
fixed length control field 00587nam a22002412a 4500
001 - CONTROL NUMBER
JCCL Control Number 7177
003 - CONTROL NUMBER IDENTIFIER
JCCL marc code BD-JhCC
005 - DATE AND TIME OF LATEST TRANSACTION
control field 20180205181353.0
008 - FIXED-LENGTH DATA ELEMENTS--GENERAL INFORMATION
fixed length control field 500101s1949 xx j 000 0 eng d
035 ## - SYSTEM CONTROL NUMBER
system control number (BD-JhCC)7177
040 ## - CATALOGING SOURCE
Original cataloging agency TLM
Modifying agency EQO
041 ## - LANGUAGE CODE
Language code of Book eng
082 ## - DEWEY DECIMAL CLASSIFICATION NUMBER
Classification number 301.540942
Author mark and Year ALL
100 1# - MAIN ENTRY--PERSONAL NAME
Personal name Allen, Agnes.
245 14 - TITLE STATEMENT
Title The story of your home /
Statement of responsibility, etc Agnes Allen,
260 ## - PUBLICATION, DISTRIBUTION, ETC. (IMPRINT)
Place of publication, distribution, etc London :
Name of publisher, distributor, etc Faber,
Date of publication, distribution, etc [1949]
300 ## - PHYSICAL DESCRIPTION
Pagination 184 p
Dimensions 21 cm.
500 ## - GENERAL NOTE
General note illustrations by Agnes and Jack Allen
650 #0 - SUBJECT ADDED ENTRY--TOPICAL TERM
Topical term or geographic name as entry element Dwellings
651 #0 - SUBJECT ADDED ENTRY--GEOGRAPHIC NAME
Geographic name England
942 ## - ADDED ENTRY ELEMENTS (KOHA)
Source of classification or shelving scheme Dewey Decimal Classification
Koha item type Books
Holdings
Source of classification or shelving scheme Damaged status Not for loan Home library Current library Shelving location Date of accession Total Checkouts Full call number Barcode Date last seen Copy number Koha item type
Dewey Decimal Classification     JCC Rouf Library JCC Rouf Library General Stacks 02/05/2018   301.540942 ALL 9616 02/05/2018 C-1 Books

JCC Library | Contacts | JCC Home

Last Update on 23 September 2017
Copyright @ 2017-2020 JCC Rouf Library
Rouf Library, Jhenidah Cadet College (JCC), Bangladesh